| 000 | 00990cam a2200289 i 4500 | ||
|---|---|---|---|
| 999 |
_c38051 _d38051 |
||
| 001 | 38051 | ||
| 003 | Mx-PuUPA | ||
| 005 | 20210514173054.0 | ||
| 008 | 140415s2000 mx fr 001 0 spa d | ||
| 020 | _a9701025288 | ||
| 040 |
_aMx-PuUPA _bspa _cMx-PuUPA _dMx-PuUPA _erda |
||
| 041 | 0 | _aspa | |
| 245 | 0 | 0 |
_aCuidados médicos perioperatorios / _ceditores en jefe, Takeshi Takahashi Monroy, Guillermo Domínguez Cherit |
| 250 | _aPrimera edición | ||
| 264 | 4 |
_aMéxico, D.F. : _bMcGraw-Hill Interamericana Editores, _c©2000 |
|
| 300 |
_axxv, 452 páginas : _bilustraciones ; _c24 cm |
||
| 336 |
_2rdacontent _atexto _btxt |
||
| 337 |
_2rdamedia _asin medio _bn |
||
| 338 |
_2rdacarrier _avolumen _bnc |
||
| 650 | 4 | _aCuidado preoperatorio | |
| 650 | 4 | _aCuidado postoperatorio | |
| 700 | 1 |
_aMonroy, Takeshi Takahashi, _eeditor |
|
| 700 | 1 |
_aDomínguez Cherit, Guillermo, _eeditor |
|
| 942 |
_2ddc _cLI _h617.919 _iC585 |
||